000 00499nam a2200169Ia 4500
999 _c28282
_d28282
003 OSt
005 20211111115845.0
008 190216s9999||||xx |||||||||||||| ||und||
040 _coclc
082 _a894.8123
_bETT/S
100 _aSivakumar, Ettumanoor
_96770
245 0 _aSurabhi Sumukhi Sundari /
_cEttumanoor Sivakumar
260 _bPoorna Publication,
_c1996.
_aKozhikode:
300 _a292p
650 _aNovel
942 _cBK
_2ddc
_h894.8123
_iETT/S
_k894.8123
_mETT/S